000
00348nam a2200133Ia 4500
008
231129s1982||||xx |||||||||||||| ||spa||
020
_a
84-372-1534-X
040
_b
spa
082
_a
(i) 808.068543 D722
245
0
_a
Dos cuentos de principes
260
_c
1982
264
_a
Ediciones Altea
942
_2
ddc
_c
BKS
999
_c
9802
_d
9802